000
00476 a2200133 4500
000
nam a22 7a 4500
100
_a
कविता
110
_a
कविता
245
_a
हडोली अंचल के हिन्दी काव्य में रास्ट्रीय भावना
250
_a
Latest edition
260
_b
बाबा पब्लिकेशन
_c
2026
264
_b
बाबा पब्लिकेशन
_c
2026
942
_c
BK
999
_c
396679
_d
396679